Česká architektura-Czech Architecture : Ročenka-Yearbook 2001,2002

Enregistré dans:
Détails bibliographiques
Autres auteurs: Kohout, Michal (Compilateur)
Format: Livre
Langue:tchèque
anglais
Publié: Praha : Prostor, 2003
Sujets:
Tags: Ajouter un tag
Pas de tags, Soyez le premier à ajouter un tag!

MARC

LEADER 00000nam a22000003a 4500
001 stu146655
005 20150617225941.0
008 071015s2003------------------------cze-d
020 |a 80-903257-0-X 
040 |a STU  |b slo 
041 0 |a cze  |a eng 
100 1 |a Kohout, Michal  |4 com 
245 1 |a Česká architektura-Czech Architecture :  |b Ročenka-Yearbook 2001,2002 
260 |a Praha :  |b Prostor,  |c 2003 
300 |a 188 s 
650 7 |a architektúra česká  |2 stusub 
650 7 |a Czech architecture  |2 estusub 
996 |b 284AU03658  |c A*5512 U  |l AAKNAR  |s A  |a 24  |w stu146655_0001